Estudio de prefactibilidad del Proyecto de Construcción del Bar-Restaurante "RONES" en el municipio de Jinotepe, Departamento de Carazo
Presenta un estudio de prefactibilidad para la construcción del bar-restaurante ya que existe una demanda potencial insatisfecha del servicio y se determinó el gasto promedio para adquirir los servicios de bares-restaurante que las personas están dispuestas a pagar, además de los tipos de consum...
| Main Author: | |
|---|---|
| Other Authors: | |
| Format: | Tesis Section = Libro |
| Language: | Undetermined Spanish |
| Published: |
Managua
UNI
2021
|
| Subjects: |
| LEADER | 01169nam a2200253Ia 4500 | ||
|---|---|---|---|
| 008 | 240830s9999 xx 000 0 und d | ||
| 040 | |a BIBLIOTECA-RUSB/ M.Mon 658.404 R173 | ||
| 041 | |a spa | ||
| 082 | |a M.Mon 658.404 R173 | ||
| 100 | 1 | |a Ramírez Lara, Cristhian de Jesús | |
| 245 | 1 | 0 | |a Estudio de prefactibilidad del Proyecto de Construcción del Bar-Restaurante "RONES" en el municipio de Jinotepe, Departamento de Carazo |
| 260 | |a Managua |b UNI |c 2021 | ||
| 300 | |a 142 p. :il. | ||
| 500 | |a Contiene: anexos y CD. | ||
| 502 | |a Tesis (Máster en Gerencia de Proyectos de Desarrollo) - UNI, 2021. | ||
| 520 | 3 | |a Presenta un estudio de prefactibilidad para la construcción del bar-restaurante ya que existe una demanda potencial insatisfecha del servicio y se determinó el gasto promedio para adquirir los servicios de bares-restaurante que las personas están dispuestas a pagar, además de los tipos de consumo etc. | |
| 650 | 7 | |a ADMINISTRACION DE PROYECTOS | |
| 650 | 7 | |b BAR- RESTAURANTE | |
| 650 | 7 | |c ESTUDIO DE MERCADO | |
| 650 | 7 | |d ESTUDIO FINANCIERO | |
| 700 | 1 | |a Tutor: |b Molina Lagos, Yader | |
| 942 | |c BK |2 ddc | ||
| 991 | |a TESIS | ||
| 999 | |c 22114 | ||